000 00612nam a22002052 4500
001 0000009400
005 20151217152054.0
008 081015s xx 000 0 eng d
020 _a0176166394 :
_cKES 400
040 _aKABU
_cKABU
245 1 0 _aAccounting :
_bvolume 3 management accounting /
_cCarl S. Warren ...[et al.]
250 _aCanadian ed.
260 _aToronto :
_bITP Nelson,
_c1999.
300 _axiii, [439] p.
650 0 _aAccounting.
_@0000148321
700 1 _aWarren, Carl S.
_@0000160705
908 _a081015
950 _@1
999 _c7900
_d7900